Music quiz - Nomi propri italiani nelle canzoni - Statistics

Statistiche generali
  • Questo quiz è stato fatto 281 volte
  • Il punteggio medio è 11 su 20
Statistiche sulle risposte
Testo Nome % Corretto
..... non c'è, è andata via
...... non è più cosa mia
E te che sei qua e mi chiedi perché
L'amo se niente più mi dà
Laura
91%
..... se n'è andato e non ritorna più Il treno delle sette e trenta senza lui È un cuore di metallo senza l'anima Nel freddo del mattino grigio di città Marco
87%
Ma questo è dedicato a te Alla tua lucente armonia Sei immensamente ........ Giulia
79%
....., manchi tu nell'aria, manchi come il sale, sciogli questa neve che soffoca il mio petto Gloria
79%
Vivere la vita è un gioco da ragazzi Io, io volevo essere un duro Però non sono nessuno Non sono altro che ...... Lucio
75%
Certe notti sei sveglio
O non sarai sveglio mai
Ci vediamo da ...., prima o poi
Mario
73%
A un certo punto della passeggiata Mi chiama da una parte un ragazzino Sembrava a prima vista tanto perbenino Si offre a far da guida per la città ...... Pedro
71%
Sparagli ....., sparagli ora E dopo un colpo sparagli ancora Fino a che tu non lo vedrai esangue Cadere in terra a coprire il suo sangue Piero
71%
Ma te lo giuro su ......L'amore cieco è una teoria Non parli mai di gelosia, ma io lo so Anche un maschio a volte piange Maria
59%
....., prenditi cura di lei Lei non sa vedere al di la di quello che da E l'ingenuità è parte di lei... Che è parte di me Angelo
52%
E gli aerei volano alto tra New York e Mosca Ma questa notte è ancora nostra ......., non tremare, non ti posso far male Se l'amore è amore Claudia
50%
Buongiorno buongiorno io sono .......
Io ero un bambino che rideva sempre Ma un giorno la maestra dice oggi c'è il tema Oggi fate il tema, il tema sul papà
Francesco
50%
..... guarda i gatti e i gatti girano nel sole Mentre il sole fa l'amore con la luna Il mendicante arabo ha qualcosa nel cappello Ma è convinto che sia un portafortuna Alice
43%
E ...... canta a casa mia E ....... balla a casa mia E non mi importa niente Non può entrare altra gente Raffaella
39%
Dicono che ..... se n'è andata via L'hanno vista piangere Correva nel buio di una ferrovia Sanno che scappava Notti di sirene in quella periferia Non bastava correre Mary
37%
.... bello sguardo, non perde un ballo Marco che a ballare sembra un cavallo In un locale che è uno schifo Poca gente che li guarda, c'è una checca che fa il tifo Anna
36%
Ma ..... non aver paura Di sbagliare un calcio di rigore Non è mica da questi particolari Che si giudica un giocatore Un giocatore lo vedi dal coraggio Dall'altruismo e dalla fantasia Nino
33%
...... non piangere Tienimi chiuso dentro questa stanza Rompi i tuoi giochi contro l'arroganza del mondo Che è pieno di Cose inutili da fare Cose inutili da dire Sara
31%
Più muto di così più esasperato che l'uomo che tu vuoi non è mai nato io sono io il solito ......! Renato
15%
Rissa tra le bande, domenica Crollano le torri in America Dicevano sul campo di atletica "..... è impazzita" Francesca
10%
Nessun quiz corrispondente trovato
Distribuzione punteggi
Percentuale di utenti per punteggio
Percentile per numero di risposta
I tuoi punteggi nel tempo
Non hai fatto questo quiz